| 000 | 00600nam a2200205 u 4500 | ||
|---|---|---|---|
| 005 | 20240831063752.0 | ||
| 008 | 121031s2009 mx r 000 0 spa d | ||
| 020 | _a9786077661092 | ||
| 035 | _aUPN01000188117 | ||
| 049 | _aI | ||
| 050 | 4 |
_aPZ75 _bL3.5 |
|
| 100 | 1 |
_aLasheras, Fernando, _d1963- _933217 |
|
| 245 | 1 | 3 |
_aEl mundo desde mi cometa / _cFernando Lasheras ; il. Miguel A. Pérez Arteaga. |
| 260 |
_aMéxico : _bEl Naranjo, _c2009. |
||
| 300 |
_a[30] p. : _bil. col. |
||
| 650 | 4 |
_aCuentos infantiles españoles _97725 |
|
| 905 | _aInfantil | ||
| 999 |
_c160220 _d160220 |
||